Bayern Munich Players By Market Value (2022/23 Season) - Statistics

General Stats
  • This quiz has been taken 149 times
    91 since last reset
  • The average score is 10 of 23
Answer Stats
Market Value Player % Correct
€110.00m Jamal Musiala
98%
€80.00m Joshua Kimmich
86%
€70.00m Alphonso Davies/Leroy Sané
85%
€75.00m Matthijs de Ligt
78%
€65.00m Leon Goretzka/Kingsley Coman
75%
€60.00m Dayot Upamecano/João Cancelo
64%
€55.00m Serge Gnabry
63%
€18.00m Thomas Müller
55%
€7.00m Manuel Neuer
53%
€50.00m Lucas Hernández
45%
€45.00m Sadio Mané
45%
€35.00m Benjamin Pavard
41%
€6.00m Eric Maxim Choupo-Moting/Daley Blind
38%
€20.00m Mathys Tel
36%
€900k Sven Ulreich
34%
€28.00m Noussair Mazraoui
29%
€5.00m Yann Sommer
29%
€30.00m Ryan Gravenberch
25%
€12.00m Josip Stanišić
20%
€2.50m Bouna Sarr
14%
€3.00m Paul Wanner
10%
€1.00m Arijon Ibrahimovic
9%
€300k Johannes Schenk
9%
No matching quizzes found
Score Distribution
Percent of People with Each Score
Percentile by Number Answered
Your Score History
You have not taken this quiz since the last reset